| 000 | 00615nam a2200157 i 4500 | ||
|---|---|---|---|
| 001 | 36447 | ||
| 003 | ES-MaACL | ||
| 005 | 20230906155353.0 | ||
| 007 | t| | ||
| 008 | 150609s1895 sp ||||1| spa d | ||
| 245 | 0 | 0 |
_aInformes relativos a las industrias peninsulares de confecciones que exportan a Ultramar _b: emitidos con motivo de la proyectada reforma arancelaria antillana. |
| 260 |
_aBarcelona : _b[s.n.], _c1895 ( _fTip. Española) |
||
| 300 |
_a23 p. ; _c21 cm. |
||
| 594 | _aPrecede al tít.: Información cubana. | ||
| 852 |
_aES-MaACL _jT-809-F-3 _z.- Enc. en un vol. facticio conservando la cub. original |
||
| 999 |
_c36447 _d36447 |
||